Breviario de Lanchas en la Bahía.
Salvato in:
| Autore principale: | |
|---|---|
| Altri autori: | |
| Natura: | Libro |
| Lingua: | spagnolo |
| Pubblicazione: |
Valparaíso, Chile:
Universidad de Valparaíso,
1995.
|
| Serie: | Colección breviarios del Valparaíso regional.
|
| Soggetti: | |
| Tags: |
Aggiungi Tag
Nessun Tag, puoi essere il primo ad aggiungerne!!
|
MARC
| LEADER | 00000nam a22000007a 4500 | ||
|---|---|---|---|
| 003 | CL-VaPUC | ||
| 005 | 20241216164843.0 | ||
| 008 | 241210t1995 ||||| |||| 00| 0 spa d | ||
| 999 | |c 446228 |d 446226 | ||
| 040 | |c Pontificia Universidad Católica de Valparaíso | ||
| 082 | |2 22 |a Ch863 ROJ 1995 | ||
| 100 | |9 577404 |a Rojas Sepúlveda, Manuel, |d 1896-1973 |e autor | ||
| 245 | |a Breviario de Lanchas en la Bahía. | ||
| 260 | |a Valparaíso, Chile: |b Universidad de Valparaíso, |c 1995. | ||
| 300 | |a 23 páginas. | ||
| 490 | |a Colección breviarios del Valparaíso regional. | ||
| 500 | |a c.1: Donación P.I.I.E. 2-12-2024. | ||
| 583 | |c 20241210 |k Yessy Sthefany Diaz Vidal | ||
| 600 | 0 | |9 577404 |a Rojas Sepúlveda, Manuel, |d 1896-1973 |t Lanchas en la Bahía (1973) |v Compendio | |
| 650 | 0 | |9 265425 |a Novelas chilenas |x Prostíbulos |y Siglo 20 | |
| 650 | 0 | |9 894523 |a Chilean literature |z Valparaíso |y 20th century | |
| 700 | |9 894680 |a Rojas, Patricio |e presentación | ||
| 942 | |2 ddc |c BK | ||
| 952 | |0 0 |1 0 |2 ddc |4 0 |6 CH_863_000000000000000_ROJ_1995 |7 0 |8 A |9 598568 |a BIBGIM |b BIBGIM |d 2024-12-10 |e Donación |i 5663571 |o Ch863 ROJ 1995 |p 5663571 |r 2025-01-15 |t 1 |w 2024-12-10 |y BK |k ELE | ||